00462cam a2200169ua 45000010005000000080039000050400009000440820012000531000033000652450058000982500009001562600038001653000017002036530013002206530022002336530037002552528110909n ii |||gr||||Z||||||asm cMAIN a491.451 aKakati, Banikanta,eAuthore.1 aAsamiya bhasar gathan aru bikashcby Banikanta Kakati a1st. aGuahati:bGoverment of assam,996. a388p:c23cm. aLanguage aassamese language aAsamiya bhasar gathan aru bikash